Regionalismen.

Bibliographic Details
Main Author: Engel, Ulf.
Format: eBook
Language:German
Published: Berlin/München/Boston : Walter de Gruyter GmbH, 2018.
Edition:1st ed.
Series:Dialektik des Globalen. Kernbegriffe Series
Subjects:
Online Access:Click to View
LEADER 01889nam a22003853i 4500
001 EBC5511083
003 MiAaPQ
005 20231204023214.0
006 m o d |
007 cr cnu||||||||
008 231204s2018 xx o ||||0 ger d
020 |a 9783110587173  |q (electronic bk.) 
020 |z 9783110584547 
035 |a (MiAaPQ)EBC5511083 
035 |a (Au-PeEL)EBL5511083 
035 |a (OCoLC)1166302940 
040 |a MiAaPQ  |b eng  |e rda  |e pn  |c MiAaPQ  |d MiAaPQ 
100 1 |a Engel, Ulf. 
245 1 0 |a Regionalismen. 
250 |a 1st ed. 
264 1 |a Berlin/München/Boston :  |b Walter de Gruyter GmbH,  |c 2018. 
264 4 |c {copy}2018. 
300 |a 1 online resource (40 pages) 
336 |a text  |b txt  |2 rdacontent 
337 |a computer  |b c  |2 rdamedia 
338 |a online resource  |b cr  |2 rdacarrier 
490 1 |a Dialektik des Globalen. Kernbegriffe Series ;  |v v.1 
505 0 |a Intro -- Inhalt -- 1 Einleitung -- 2. Raumformate und Raumordnungen -- 3. Begriffsgeschichte „Regionalorganisationen" -- 4. Regionalorganisationen heute -- 5. Regionalismen und Regionalorganisationen in Globalisierungsprozessen -- 6. Debatten zur Epistemologie und Periodisierung von Regionalorganisationen -- 7. Regionale Praktiken in Afrika -- 8. Zusammenfassung. 
588 |a Description based on publisher supplied metadata and other sources. 
590 |a Electronic reproduction. Ann Arbor, Michigan : ProQuest Ebook Central, 2023. Available via World Wide Web. Access may be limited to ProQuest Ebook Central affiliated libraries.  
655 4 |a Electronic books. 
776 0 8 |i Print version:  |a Engel, Ulf  |t Regionalismen  |d Berlin/München/Boston : Walter de Gruyter GmbH,c2018  |z 9783110584547 
797 2 |a ProQuest (Firm) 
830 0 |a Dialektik des Globalen. Kernbegriffe Series 
856 4 0 |u https://ebookcentral.proquest.com/lib/matrademy/detail.action?docID=5511083  |z Click to View